History Quiz

Random History or Justice Quiz

The Civil Rights Era Match-Up Quiz Stats

Quiz Updated Mar 13, 2018

Challenge
Share
Tweet
Score 0/28 Timer 07:00
29 Plays Today
% Correct
Martin Luther
98%
I Have a
97.5%
Rosa
97.3%
Malcolm
96.7%
National Association for the
95.1%
Sit-
94.5%
Separate
92.9%
16th Street Baptist
92.5%
Brown v.
92%
Jim
91.9%
Montgomery Bus
91.6%
Nation of
91.4%
Little Rock Central
89%
Civil Rights
88.5%
% Correct
Civil
88.2%
Letter from
86.7%
Freedom
86.6%
Voting Rights
86%
March on Washington
82.9%
George
82.4%
Southern Christian
82%
Selma
81%
Student Non-Violent
75.1%
Medgar
71.2%
Emmett
71.1%
Watts
68.8%
Eugene 'Bull'
65.8%
Edmund Pettus
52.2%

You're not logged in!

Compare scores with friends on all Sporcle quizzes.
Sign Up with Email
OR
Log In

You Might Also Like...

Show Comments

Extras

Top Quizzes Today


Score Distribution

Your Account Isn't Verified!

In order to create a playlist on Sporcle, you need to verify the email address you used during registration. Go to your Sporcle Settings to finish the process.

Report this User

Report this user for behavior that violates our Community Guidelines.

Details: